Anatomy of a quilt : The GeesÕ Bend Freedom Quilting Bee /

Bibliographic Details
Main Author: Scheper-Hughes, Nancy
Format: Libro
Language:English

MARC

LEADER 00000cam a2200000 a 4500
001 000266
003 UAHC_CL
005 20170803115623.0
008 030915b xx j 000 1 eng
040 |a UAHC_CL  |c UAHC_CL  |d UAHC_CL 
100 1 |a Scheper-Hughes, Nancy 
245 1 0 |a Anatomy of a quilt :  |b The GeesÕ Bend Freedom Quilting Bee /  |c Nancy Scheper-Hughes. 
300 |a [7] p. 
500 |a En: Anthropology today. -- Vol. 19, No. 4 (agosto 2003), pp. 15-21 
942 |c BK 
999 |c 266  |d 266